G20 Member Countries, Leaders - Statistics

General Stats
  • This quiz has been taken 8 times
  • The average score is 12 of 19
Answer Stats
Country Capital Leader % Correct
United States Washington, D.C. Donald Trump
100%
France Paris Emmanuel Macron
100%
United Kingdom London Keir Starmer
100%
Australia Canberra Anthony Albanese
88%
Italy Rome Giorgia Meloni
88%
Brazil Brasília Luiz Inaćio Lula da Silva
75%
Canada Ottawa Mark Carney
75%
Russia Moscow Vladimir Putin
75%
Mexico Mexico City Claudia Sheinbaum
63%
Germany Berlin Friedrich Merz
63%
Argentina Buenos Aires Javier Milei
63%
South Africa Pretoria Cyril Ramaphosa
50%
India New Delhi Narendra Modi
50%
Türkiye Ankara Recep Tayyip Erdoğan
50%
China Beijing Xi Jinping
50%
Indonesia Jakarta Prabowo Subianto
25%
South Korea Seoul Lee Ju-ho
13%
Saudi Arabia Riyadh Salman bin Abdulaziz
13%
Japan Tokyo Shigeru Ishiba
13%
No matching quizzes found
Score Distribution
Percent of People with Each Score
Percentile by Number Answered
Your Score History
You have not taken this quiz